000
00324nam a22001457a 4500
003
SGT
020
_a
978-81-7371-65-84
082
_a
615
_b
E09P
100
_a
PRABHAKAR, MC
245
_a
EXPERIMENTAL PHARMACOLOGY
260
_a
NEW DELHI
_b
UNIVERSITY PRESS
_c
2009
300
_a
228
650
_a
PHARMACOLOGY
942
_2
ddc
_c
BK
999
_c
9629
_d
9629